|
|
|
|
| LEADER |
00000nab a2200000 ar4500 |
| 001 |
vtls009004148 |
| 003 |
SK-MaSNL |
| 005 |
20260319071305.0 |
| 008 |
070621c2007 xo |||||||| 000 b|hun |
| 015 |
|
|
|a SNBRB2007/06
|2 snkbucl
|
| 038 |
|
|
|a SNKBUCL
|
| 040 |
|
|
|a DSZK
|b slo
|c DSZK
|e AACR2
|
| 041 |
0 |
|
|a hun
|
| 044 |
|
|
|a xo
|c SK
|
| 080 |
|
|
|a 267:061.3
|2 1997
|
| 100 |
1 |
|
|a Jakubecz, Márta,
|d 1962-
|4 ivr
|4 aut
|9 306255
|
| 245 |
1 |
0 |
|a Közös erővel a családokért
|c Jakubecz Márta, Vladimír Ďurkovič, Szlávik Antal
|
| 300 |
|
|
|b Fotogr.
|
| 610 |
2 |
7 |
|a Hnutie kresťanských rodín (Slovensko)
|2 snkbucl
|9 32580
|
| 610 |
2 |
7 |
|a Hnutie manželských víkendov (Slovensko)
|2 snkbucl
|9 1065820
|
| 700 |
1 |
|
|a Ďurkovič, Vladimír
|4 ive
|4 aut
|9 1065945
|
| 700 |
1 |
|
|a Szlávik, Antal
|4 ive
|4 aut
|9 876853
|
| 773 |
0 |
|
|t Remény
|g Évf. XVIII, sz. 23 (2007), o. 6
|x 1335-6534
|
| 852 |
|
|
|a SNK
|b KIS3GCP
|
| 852 |
|
|
|a DSZK
|b KIS3GCP
|
| 958 |
|
|
|a HU
|
| 958 |
|
|
|a SK
|
| 958 |
|
|
|a NT
|
| 999 |
|
|
|c 1751960
|d 1753890
|